00329nam a22001457a 4500003000400000005001700004008004100021020001500062040000700077082001200084100001700096245003800113260002400151300000800175OSt20220323110050.0220323b |||||||| |||| 00| 0 eng d a8126124016 cHU a647..94 aAhmad Naseem aENCYCLOPAEDIA OF HOTEL MANAGEMENT aNEWDelhibLtdc2005 a419